| 000 | 01041cam a2200325 i 4500 | ||
|---|---|---|---|
| 999 |
_c200448576 _d66788 |
||
| 001 | 200448576 | ||
| 003 | TR-AnTOB | ||
| 005 | 20241108133538.0 | ||
| 007 | ta | ||
| 008 | 201027s2014 tu $r01 $$$$ tur utu | ||
| 020 | _a9786058729650 | ||
| 040 |
_aİZMİRMİLLİKUTUP _beng _erda _cİZMİRMİLLİKUTUP _dTR-AnTOB |
||
| 041 | 0 | _atur | |
| 044 | _ctu | ||
| 050 | 1 | 4 |
_aBP163 _b.K3634 2014 |
| 090 |
_aBP163 _b.K3634 2014 |
||
| 100 | 1 |
_aKaragülle, Süleyman _eauthor _9136687 |
|
| 245 | 1 | 0 |
_aAdil düzen’de genel hizmetler / _cSüleyman Karagülle ; editör: Recep Yıldırım. |
| 250 | _a1. Baskı | ||
| 264 | 1 |
_aİstanbul : _bMedhal İlmi Araştırma Derneği, _c2014. |
|
| 300 |
_a493 pages ; _c21 cm |
||
| 336 |
_2rdacontent _atext _btxt |
||
| 337 |
_2rdamedia _aunmediated _bn |
||
| 338 |
_2rdacarrier _avolume _bnc |
||
| 650 | 7 |
_aİslam _2etuturkob _953140 _xHükümet |
|
| 650 | 7 |
_aKamu yönetimi _xDini yönleri _xİslam _2 _9126129 |
|
| 700 | 1 |
_aYıldırım, Recep _eeditör _942080 |
|
| 942 |
_2lcc _cBK |
||